Flood-prone areas and land-use planning : selected examples from the San Francisco Bay region, California /

Bibliographic Details
Main Author: Waananen, Arvi O.
Corporate Author: Geological Survey (U.S.)
Format: Government Document Book
Language:English
Series:Geological Survey professional paper ; 942.
Subjects:

MARC

Tag First Indicator Second Indicator Subfields
LEADER 00000cam a2200000 i 4500
001 in00000789321
005 20151017073312.0
008 770701s1977 dcua f00010 eng d
010 |a gp 77011370  
020 |c $2.20 (pbk. :) 
035 |a (OCoLC)03087499 
035 |9 ADQ1778AM 
037 |b 20402 
040 |a GPO  |c GPO  |d UtOrBLW 
043 |a n-us-ca 
074 |a 624 
086 |a I 19.16:942 
100 1 |a Waananen, Arvi O. 
245 1 0 |a Flood-prone areas and land-use planning :  |b selected examples from the San Francisco Bay region, California /  |c by A. O. Waananen [and others]. 
264 2 |a Washington :  |b Dept. of the Interior, Geological Survey : for sale by the Supt. of Docs., U. S. Govt. Print. Off,  |c 1977. 
300 |a 2 unnumbered pages, viii, 75 pages :  |b illustrations ;  |c 29 cm. 
336 |a text  |b txt  |2 rdacontent 
337 |a unmediated  |b n  |2 rdamedia 
338 |a volume  |b nc  |2 rdacarrier 
490 1 |a Geological Survey professional paper ;  |v 942 
500 |a "Jointly supported by the U. S. Geological Survey and the Department of Housing and Urban Development, Office of Policy Development and Research, as part of a program to develop and apply earth-science information in support of land-use planning and decisionmaking." 
500 |a "This report is a product of the San Francisco Bay Region Environment and Resources Planning Study, an experimental program designed to facilitate the use of earth-science information in regional planning and decisionmaking." 
504 |a Bibliography: pages 68-70. 
650 0 |a Floodplain ecology  |z California  |z San Francisco Bay Area. 
650 0 |a Flood control  |z California  |z San Francisco Bay Area. 
650 0 |a Flood damage prevention  |z California  |z San Francisco Bay Area. 
650 0 |a Land use  |z California  |z San Francisco Bay Area. 
650 0 |a Regional planning  |x Environmental aspects  |z California  |z San Francisco Bay Area. 
710 2 |a Geological Survey (U.S.) 
830 0 |a Geological Survey professional paper ;  |v 942. 
999 |a MARS 
999 f f |s e2bce3e5-74a0-3676-b71b-a584eec34177  |i 0b3e9c8f-5926-324a-bda3-03381d83c351  |t 0 
952 f f |p normal  |a Texas A&M University  |b College Station  |c Sterling C. Evans Library  |d Evans: US Documents (Annex 5th floor)  |t 0  |e I 19.16:938-943  |h Superintendent of Documents classification  |i unmediated -- volume  |m A14814543889 
952 f f |a Texas A&M University  |b College Station  |c Sterling C. Evans Library  |d Evans: US Documents (Annex 5th floor)  |t 0  |e I 19.16:938-943  |h Superintendent of Documents classification 
998 f f |a I 19.16:938-943  |t 0  |l Evans: US Documents (Annex 5th floor)